[Event "ODJM A 2022"]
[Site "Willingen GER"]
[Date "2022.06.08"]
[Round "5"]
[White "Panjer, Sidney"]
[Black "Stelmaszyk, Nico"]
[Result "0-1"]
[Termination "normal"]
[Board "1"]
[BlackTitle "FM"]
[WhiteElo "2043"]
[BlackElo "2302"]
[WhiteClock "00:03:41"]
[BlackClock "00:08:10"]
[PlyCount "62"]
[WhiteFideId "16207041"]
[BlackFideId "16200462"]
[EventCountry "GER"]
[EventRounds "9"]
[EventType "swiss"]
[EventDate "2022.06.04"]

1. Nf3 {[%clk 1:30:52]} Nf6 {[%clk 1:30:55]} 2. c4 {[%clk 1:31:11]} e6 {[%clk
1:31:21]} 3. g3 {[%clk 1:31:30]} a6 {[%clk 1:31:46]} 4. Bg2 {[%clk 1:26:39]} b5
{[%clk 1:31:23]} 5. b3 {[%clk 1:25:30]} c5 {[%clk 1:31:46]} 6. O-O {[%clk
1:24:03]} Bb7 {[%clk 1:31:44]} 7. Bb2 {[%clk 1:23:22]} Be7 {[%clk 1:30:45]} 8.
d3 {[%clk 1:21:25]} d5 {[%clk 1:29:50]} 9. cxd5 {[%clk 1:18:43]} exd5 {[%clk
1:28:44]} 10. d4 {[%clk 1:18:29]} c4 {[%clk 1:28:03]} 11. Ne5 {[%clk 1:11:06]}
Qc7 {[%clk 1:21:31]} 12. Qc2 {[%clk 1:00:59]} O-O {[%clk 1:19:17]} 13. Nd2
{[%clk 0:58:25]} Nc6 {[%clk 1:03:44]} 14. Rac1 {[%clk 0:51:54]} Rac8 {[%clk
0:42:26]} 15. e4 {[%clk 0:42:43]} Nb4 {[%clk 0:34:17]} 16. Qb1 {[%clk 0:42:26]}
Qa5 {[%clk 0:29:42]} 17. a3 {[%clk 0:36:11]} Nd3 {[%clk 0:29:50]} 18. b4 {[%clk
0:34:30]} Nxb4 {[%clk 0:30:08]} 19. axb4 {[%clk 0:32:01]} Bxb4 {[%clk 0:30:11]}
20. Ndf3 {[%clk 0:28:18]} dxe4 {[%clk 0:28:13]} 21. Ng5 {[%clk 0:26:31]} Bd2
{[%clk 0:27:24]} 22. Nxe4 {[%clk 0:24:16]} Bxe4 {[%clk 0:27:15]} 23. Bxe4
{[%clk 0:24:30]} c3 {[%clk 0:27:09]} 24. Nc6 {[%clk 0:21:19]} Rxc6 {[%clk
0:17:33]} 25. Bxc6 {[%clk 0:21:27]} cxb2 {[%clk 0:17:26]} 26. Rcd1 {[%clk
0:17:31]} Qc3 {[%clk 0:16:17]} 27. d5 {[%clk 0:17:25]} Rd8 {[%clk 0:15:59]} 28.
Qa2 {[%clk 0:12:59]} Bc1 {[%clk 0:15:07]} 29. Qb1 {[%clk 0:13:15]} Bd2 {[%clk
0:15:30]} 30. Qa2 {[%clk 0:13:36]} Ne4 {[%clk 0:09:48]} 31. Qb1 {[%clk
0:03:41]} Nd6 {[%clk 0:08:10]} 0-1

[Event "ODJM A 2022"]
[Site "Willingen GER"]
[Date "2022.06.08"]
[Round "5"]
[White "Brinkmann, Fabian"]
[Black "Meiwes, Thore"]
[Result "0-1"]
[Termination "normal"]
[Board "2"]
[WhiteElo "2126"]
[BlackElo "2079"]
[WhiteClock "00:28:00"]
[BlackClock "00:45:53"]
[PlyCount "82"]
[WhiteFideId "24661414"]
[BlackFideId "16201256"]
[EventCountry "GER"]
[EventRounds "9"]
[EventType "swiss"]
[EventDate "2022.06.04"]

1. d4 {[%clk 1:30:45]} Nf6 {[%clk 1:30:55]} 2. c4 {[%clk 1:30:46]} e6 {[%clk
1:31:18]} 3. Nf3 {[%clk 1:30:56]} d5 {[%clk 1:31:40]} 4. g3 {[%clk 1:30:59]}
Be7 {[%clk 1:32:01]} 5. Bg2 {[%clk 1:31:25]} O-O {[%clk 1:32:25]} 6. O-O {[%clk
1:31:37]} dxc4 {[%clk 1:32:49]} 7. Qc2 {[%clk 1:30:50]} a6 {[%clk 1:33:17]} 8.
a4 {[%clk 1:31:14]} Bd7 {[%clk 1:33:41]} 9. Qxc4 {[%clk 1:29:57]} Bc6 {[%clk
1:34:08]} 10. Nc3 {[%clk 1:28:51]} b5 {[%clk 1:31:45]} 11. Qb3 {[%clk 1:26:55]}
b4 {[%clk 1:31:29]} 12. Nb1 {[%clk 1:26:14]} Bd5 {[%clk 1:26:19]} 13. Qd1
{[%clk 1:25:10]} c5 {[%clk 1:26:06]} 14. dxc5 {[%clk 1:23:37]} Nbd7 {[%clk
1:25:30]} 15. Bg5 {[%clk 1:20:09]} Nxc5 {[%clk 1:23:36]} 16. Nbd2 {[%clk
1:19:21]} Rc8 {[%clk 1:16:37]} 17. Ne5 {[%clk 1:01:27]} Qc7 {[%clk 1:05:02]}
18. Nec4 {[%clk 0:50:20]} Rfd8 {[%clk 0:51:16]} 19. Bxd5 {[%clk 0:45:55]} Rxd5
{[%clk 0:51:20]} 20. Bf4 {[%clk 0:44:16]} Qd8 {[%clk 0:48:11]} 21. Qe1 {[%clk
0:32:58]} Nfe4 {[%clk 0:40:40]} 22. Nxe4 {[%clk 0:26:13]} Nxe4 {[%clk 0:40:59]}
23. Rc1 {[%clk 0:26:27]} Nc5 {[%clk 0:36:52]} 24. a5 {[%clk 0:09:10]} Nb3
{[%clk 0:36:00]} 25. Nb6 {[%clk 0:09:38]} Rxc1 {[%clk 0:34:35]} 26. Bxc1 {[%clk
0:09:59]} Rxa5 {[%clk 0:34:12]} 27. Be3 {[%clk 0:09:36]} Ra1 {[%clk 0:33:26]}
28. Qxa1 {[%clk 0:10:01]} Nxa1 {[%clk 0:33:47]} 29. Rxa1 {[%clk 0:10:28]} h5
{[%clk 0:32:02]} 30. Kg2 {[%clk 0:06:33]} Bf6 {[%clk 0:30:38]} 31. Rxa6 {[%clk
0:06:00]} Qd1 {[%clk 0:30:42]} 32. b3 {[%clk 0:06:03]} Qxb3 {[%clk 0:30:26]}
33. Ra8+ {[%clk 0:05:31]} Kh7 {[%clk 0:30:42]} 34. Ra7 {[%clk 0:05:44]} Kg6
{[%clk 0:29:56]} 35. Nd7 {[%clk 0:05:10]} Qd5+ {[%clk 0:26:59]} 36. f3 {[%clk
0:05:23]} Qd1 {[%clk 0:18:09]} 37. Nf8+ {[%clk 0:03:59]} Kf5 {[%clk 0:18:23]}
38. Ra5+ {[%clk 0:03:01]} e5 {[%clk 0:18:32]} 39. Ra2 {[%clk 0:01:50]} Be7
{[%clk 0:18:13]} 40. Rd2 {[%clk 0:01:09]} Qb3 {[%clk 0:16:03]} 41. Rd3 {[%clk
0:28:00]} Qa2 {[%clk 0:45:53]} 0-1

[Event "ODJM A 2022"]
[Site "Willingen GER"]
[Date "2022.06.08"]
[Round "5"]
[White "Wensing, Maximilian"]
[Black "Herter, Arne"]
[Result "1-0"]
[Termination "normal"]
[Board "3"]
[WhiteElo "2063"]
[BlackElo "1943"]
[WhiteClock "00:24:40"]
[BlackClock "00:00:47"]
[PlyCount "67"]
[WhiteFideId "16222415"]
[BlackFideId "16255372"]
[EventCountry "GER"]
[EventRounds "9"]
[EventType "swiss"]
[EventDate "2022.06.04"]

1. c4 {[%clk 1:30:57]} Nf6 {[%clk 1:30:54]} 2. g3 {[%clk 1:31:21]} g6 {[%clk
1:31:16]} 3. Bg2 {[%clk 1:31:43]} Bg7 {[%clk 1:31:40]} 4. Nc3 {[%clk 1:32:00]}
O-O {[%clk 1:31:55]} 5. e4 {[%clk 1:32:08]} d6 {[%clk 1:31:34]} 6. Nge2 {[%clk
1:32:28]} c5 {[%clk 1:31:23]} 7. O-O {[%clk 1:32:19]} Nc6 {[%clk 1:29:57]} 8.
d3 {[%clk 1:32:36]} Ne8 {[%clk 1:24:18]} 9. f4 {[%clk 1:27:36]} Nc7 {[%clk
1:22:11]} 10. f5 {[%clk 1:25:25]} Rb8 {[%clk 1:18:11]} 11. Bg5 {[%clk 1:18:38]}
b5 {[%clk 1:11:08]} 12. Qd2 {[%clk 1:14:42]} bxc4 {[%clk 1:04:09]} 13. dxc4
{[%clk 1:14:09]} Ne8 {[%clk 0:59:12]} 14. b3 {[%clk 1:10:05]} Nf6 {[%clk
0:53:12]} 15. h3 {[%clk 1:05:34]} Nd7 {[%clk 0:48:09]} 16. Rad1 {[%clk
1:01:00]} Re8 {[%clk 0:33:41]} 17. g4 {[%clk 0:54:40]} Qa5 {[%clk 0:31:00]} 18.
Kh1 {[%clk 0:46:36]} Bb7 {[%clk 0:19:29]} 19. Be3 {[%clk 0:41:22]} Ba8 {[%clk
0:16:53]} 20. g5 {[%clk 0:37:32]} Nce5 {[%clk 0:14:06]} 21. Qc2 {[%clk
0:37:16]} Qb6 {[%clk 0:09:09]} 22. Rd2 {[%clk 0:33:08]} Qc6 {[%clk 0:06:14]}
23. Nf4 {[%clk 0:30:18]} h6 {[%clk 0:01:52]} 24. fxg6 {[%clk 0:23:17]} fxg6
{[%clk 0:01:55]} 25. Ne6 {[%clk 0:23:38]} h5 {[%clk 0:01:46]} 26. Nd5 {[%clk
0:24:02]} Rbc8 {[%clk 0:01:33]} 27. Rdf2 {[%clk 0:23:50]} Qb7 {[%clk 0:01:17]}
28. Bd2 {[%clk 0:23:42]} Qb8 {[%clk 0:01:28]} 29. Bc3 {[%clk 0:23:39]} Bxd5
{[%clk 0:01:14]} 30. exd5 {[%clk 0:24:07]} a6 {[%clk 0:00:46]} 31. Be4 {[%clk
0:24:27]} Kh7 {[%clk 0:00:48]} 32. Bxg6+ {[%clk 0:24:06]} Nxg6 {[%clk 0:01:03]}
33. Rf7 {[%clk 0:24:31]} Rg8 {[%clk 0:00:47]} 34. Qe2 {[%clk 0:24:40]} 1-0

[Event "ODJM A 2022"]
[Site "Willingen GER"]
[Date "2022.06.08"]
[Round "5"]
[White "Kardoeus, David"]
[Black "Reimer, Philip"]
[Result "1-0"]
[Termination "normal"]
[Board "4"]
[WhiteElo "2142"]
[BlackElo "1977"]
[WhiteClock "00:22:30"]
[BlackClock "00:00:34"]
[PlyCount "158"]
[WhiteFideId "12912050"]
[BlackFideId "16235860"]
[EventCountry "GER"]
[EventRounds "9"]
[EventType "swiss"]
[EventDate "2022.06.04"]

1. e4 {[%clk 1:28:17]} c5 {[%clk 1:30:57]} 2. Nf3 {[%clk 1:28:21]} Nc6 {[%clk
1:31:17]} 3. d4 {[%clk 1:28:41]} cxd4 {[%clk 1:31:39]} 4. Nxd4 {[%clk 1:28:57]}
Nf6 {[%clk 1:32:04]} 5. Nc3 {[%clk 1:29:19]} e5 {[%clk 1:32:27]} 6. Ndb5 {[%clk
1:29:44]} d6 {[%clk 1:32:52]} 7. Bg5 {[%clk 1:29:55]} a6 {[%clk 1:33:16]} 8.
Na3 {[%clk 1:30:21]} b5 {[%clk 1:33:40]} 9. Bxf6 {[%clk 1:30:24]} gxf6 {[%clk
1:34:02]} 10. Nd5 {[%clk 1:30:47]} Bg7 {[%clk 1:34:26]} 11. Bd3 {[%clk
1:30:57]} Ne7 {[%clk 1:34:47]} 12. Nxe7 {[%clk 1:31:18]} Qxe7 {[%clk 1:35:12]}
13. c4 {[%clk 1:30:23]} f5 {[%clk 1:34:58]} 14. O-O {[%clk 1:27:07]} O-O {[%clk
1:35:23]} 15. Qf3 {[%clk 1:27:27]} Qb7 {[%clk 1:35:44]} 16. exf5 {[%clk
1:27:10]} Qxf3 {[%clk 1:36:07]} 17. gxf3 {[%clk 1:27:35]} e4 {[%clk 1:36:30]}
18. Bxe4 {[%clk 1:28:00]} d5 {[%clk 1:36:55]} 19. Bxd5 {[%clk 1:28:22]} Bxf5
{[%clk 1:37:11]} 20. Bxa8 {[%clk 1:28:47]} Rxa8 {[%clk 1:37:35]} 21. Rae1
{[%clk 1:29:07]} Bd3 {[%clk 1:37:26]} 22. Re3 {[%clk 1:29:21]} Bxf1 {[%clk
1:35:28]} 23. Kxf1 {[%clk 1:29:49]} Bxb2 {[%clk 1:34:38]} 24. cxb5 {[%clk
1:30:12]} axb5 {[%clk 1:34:43]} 25. Nxb5 {[%clk 1:30:40]} Rxa2 {[%clk 1:34:42]}
26. Nd6 {[%clk 1:27:27]} Ra6 {[%clk 0:46:40]} 27. Nf5 {[%clk 1:25:53]} Re6
{[%clk 0:46:51]} 28. Rd3 {[%clk 1:23:04]} h6 {[%clk 0:44:46]} 29. Kg2 {[%clk
1:15:57]} Kh7 {[%clk 0:41:18]} 30. f4 {[%clk 1:14:50]} Rf6 {[%clk 0:37:11]} 31.
Rd5 {[%clk 1:15:09]} Kg6 {[%clk 0:35:56]} 32. Nh4+ {[%clk 1:15:10]} Kg7 {[%clk
0:35:49]} 33. Kg3 {[%clk 1:15:01]} Bc1 {[%clk 0:34:29]} 34. Ng2 {[%clk
1:10:11]} Rg6+ {[%clk 0:31:44]} 35. Kf3 {[%clk 1:10:26]} Rf6 {[%clk 0:30:40]}
36. Ne3 {[%clk 1:10:47]} Bxe3 {[%clk 0:24:37]} 37. fxe3 {[%clk 1:11:10]} Rb6
{[%clk 0:24:12]} 38. Rd2 {[%clk 1:08:23]} Rb3 {[%clk 0:21:55]} 39. Rg2+ {[%clk
1:08:29]} Kf6 {[%clk 0:21:54]} 40. Rg3 {[%clk 1:07:27]} Rb2 {[%clk 0:20:39]}
41. Rh3 {[%clk 1:02:38]} Kg6 {[%clk 0:20:13]} 42. Rg3+ {[%clk 0:56:53]} Kf6
{[%clk 0:20:35]} 43. h3 {[%clk 0:56:09]} Rb8 {[%clk 0:17:15]} 44. e4 {[%clk
0:52:16]} Ra8 {[%clk 0:14:08]} 45. Kg4 {[%clk 0:49:02]} Rg8+ {[%clk 0:13:14]}
46. Kh4 {[%clk 0:49:08]} Re8 {[%clk 0:09:10]} 47. Re3 {[%clk 0:49:25]} Kg6
{[%clk 0:07:33]} 48. Kg4 {[%clk 0:48:36]} Kf6 {[%clk 0:25:29]} 49. Kf3 {[%clk
1:12:58]} Rg8 {[%clk 0:24:31]} 50. Rb3 {[%clk 1:11:57]} Rg1 {[%clk 0:22:35]}
51. e5+ {[%clk 1:09:26]} Kg6 {[%clk 0:16:30]} 52. Rb6+ {[%clk 1:05:12]} Kg7
{[%clk 0:16:46]} 53. Rb3 {[%clk 1:05:17]} Kg6 {[%clk 0:17:01]} 54. Ke4 {[%clk
1:05:40]} Re1+ {[%clk 0:15:52]} 55. Re3 {[%clk 1:04:23]} Rg1 {[%clk 0:15:33]}
56. Rd3 {[%clk 1:00:35]} Re1+ {[%clk 0:15:41]} 57. Re3 {[%clk 0:57:00]} Rg1
{[%clk 0:16:05]} 58. Re2 {[%clk 0:57:22]} Rg3 {[%clk 0:15:49]} 59. f5+ {[%clk
0:54:35]} Kg7 {[%clk 0:12:21]} 60. Re3 {[%clk 0:54:01]} Rg1 {[%clk 0:12:21]}
61. Kf4 {[%clk 0:50:51]} Kf8 {[%clk 0:10:10]} 62. f6 {[%clk 0:42:23]} Ke8
{[%clk 0:10:07]} 63. h4 {[%clk 0:37:01]} Rg2 {[%clk 0:09:07]} 64. Rb3 {[%clk
0:35:50]} Rf2+ {[%clk 0:08:04]} 65. Kg4 {[%clk 0:33:36]} Re2 {[%clk 0:07:02]}
66. Rb8+ {[%clk 0:32:18]} Kd7 {[%clk 0:06:57]} 67. Rb7+ {[%clk 0:32:38]} Ke8
{[%clk 0:06:32]} 68. Re7+ {[%clk 0:32:43]} Kf8 {[%clk 0:06:50]} 69. Kh5 {[%clk
0:25:15]} Re4 {[%clk 0:07:05]} 70. Ra7 {[%clk 0:25:34]} Ke8 {[%clk 0:02:22]}
71. Ra8+ {[%clk 0:24:29]} Kd7 {[%clk 0:02:45]} 72. Kxh6 {[%clk 0:24:08]} Rxh4+
{[%clk 0:00:51]} 73. Kg7 {[%clk 0:24:23]} Rh5 {[%clk 0:01:05]} 74. Ra7+ {[%clk
0:22:59]} Kc6 {[%clk 0:01:03]} 75. Re7 {[%clk 0:23:03]} Kd5 {[%clk 0:00:44]}
76. Kxf7 {[%clk 0:23:20]} Rh7+ {[%clk 0:00:56]} 77. Kg8 {[%clk 0:22:37]} Rh1
{[%clk 0:01:04]} 78. Rg7 {[%clk 0:22:24]} Ke6 {[%clk 0:00:34]} 79. f7 {[%clk
0:22:30]} Kd5 1-0

[Event "ODJM A 2022"]
[Site "Willingen GER"]
[Date "2022.06.08"]
[Round "5"]
[White "Nied, Pascal"]
[Black "Struck, Lasse"]
[Result "1/2-1/2"]
[Termination "normal"]
[Board "5"]
[WhiteElo "2030"]
[BlackElo "1847"]
[WhiteClock "00:28:46"]
[BlackClock "00:27:29"]
[PlyCount "103"]
[WhiteFideId "16260597"]
[BlackFideId "16255623"]
[EventCountry "GER"]
[EventRounds "9"]
[EventType "swiss"]
[EventDate "2022.06.04"]

1. e4 {[%clk 1:30:58]} c5 {[%clk 1:30:55]} 2. Nf3 {[%clk 1:31:25]} e6 {[%clk
1:31:20]} 3. d4 {[%clk 1:31:53]} cxd4 {[%clk 1:31:45]} 4. Nxd4 {[%clk 1:32:20]}
Nc6 {[%clk 1:32:07]} 5. Nc3 {[%clk 1:32:38]} Qc7 {[%clk 1:32:32]} 6. Be2 {[%clk
1:32:41]} Nf6 {[%clk 1:32:27]} 7. Be3 {[%clk 1:32:49]} Be7 {[%clk 1:32:08]} 8.
g4 {[%clk 1:31:48]} h6 {[%clk 1:30:28]} 9. f4 {[%clk 1:32:02]} d5 {[%clk
1:30:30]} 10. e5 {[%clk 1:31:19]} Nd7 {[%clk 1:30:47]} 11. h4 {[%clk 1:26:47]}
a6 {[%clk 1:29:28]} 12. Qd2 {[%clk 1:05:36]} b5 {[%clk 1:28:10]} 13. Nxc6
{[%clk 0:38:16]} Qxc6 {[%clk 1:27:44]} 14. Bd4 {[%clk 0:35:44]} b4 {[%clk
1:20:23]} 15. Nd1 {[%clk 0:35:36]} a5 {[%clk 1:15:39]} 16. Ne3 {[%clk 0:33:52]}
Ba6 {[%clk 1:12:58]} 17. Bd3 {[%clk 0:29:31]} h5 {[%clk 1:08:01]} 18. f5 {[%clk
0:15:48]} Bxd3 {[%clk 1:05:52]} 19. Qxd3 {[%clk 0:13:30]} hxg4 {[%clk 0:57:30]}
20. fxe6 {[%clk 0:12:47]} Qxe6 {[%clk 0:53:07]} 21. Nf5 {[%clk 0:12:35]} Nxe5
{[%clk 0:42:54]} 22. Nxg7+ {[%clk 0:11:28]} Kd7 {[%clk 0:41:41]} 23. Nxe6
{[%clk 0:11:07]} Nxd3+ {[%clk 0:42:02]} 24. cxd3 {[%clk 0:11:15]} Rxh4 {[%clk
0:34:58]} 25. Nc5+ {[%clk 0:11:26]} Bxc5 {[%clk 0:35:18]} 26. Rxh4 {[%clk
0:11:49]} Bxd4 {[%clk 0:35:30]} 27. Rxg4 {[%clk 0:09:07]} Bxb2 {[%clk 0:35:16]}
28. Rb1 {[%clk 0:07:55]} Bc3+ {[%clk 0:34:56]} 29. Kf2 {[%clk 0:07:41]} a4
{[%clk 0:29:28]} 30. Rgxb4 {[%clk 0:02:45]} Bxb4 {[%clk 0:29:48]} 31. Rxb4
{[%clk 0:03:14]} a3 {[%clk 0:27:01]} 32. Rb3 {[%clk 0:02:46]} Ke6 {[%clk
0:25:13]} 33. Ke3 {[%clk 0:02:18]} Ke5 {[%clk 0:25:00]} 34. d4+ {[%clk
0:02:12]} Kd6 {[%clk 0:24:03]} 35. Rb6+ {[%clk 0:02:01]} Kc7 {[%clk 0:22:36]}
36. Rf6 {[%clk 0:02:10]} Rh8 {[%clk 0:12:37]} 37. Kf4 {[%clk 0:00:41]} Rh4+
{[%clk 0:09:19]} 38. Ke5 {[%clk 0:00:56]} Rh5+ {[%clk 0:09:40]} 39. Kf4 {[%clk
0:01:10]} Rh2 {[%clk 0:09:06]} 40. Ke5 {[%clk 0:01:11]} Rh5+ {[%clk 0:03:10]}
41. Kf4 {[%clk 0:01:34]} Rh2 {[%clk 0:03:31]} 42. Ke5 {[%clk 0:01:20]} Rxa2
{[%clk 0:28:35]} 43. Kxd5 {[%clk 0:31:14]} Re2 {[%clk 0:28:05]} 44. Rxf7+
{[%clk 0:30:46]} Kb6 {[%clk 0:28:21]} 45. Rf8 {[%clk 0:28:34]} a2 {[%clk
0:27:12]} 46. Ra8 {[%clk 0:28:00]} Kb5 {[%clk 0:27:23]} 47. Kd6 {[%clk
0:27:55]} Rd2 {[%clk 0:27:14]} 48. d5 {[%clk 0:27:58]} Kc4 {[%clk 0:27:15]} 49.
Kc6 {[%clk 0:28:04]} Rxd5 {[%clk 0:27:05]} 50. Ra4+ {[%clk 0:28:19]} Kb3 {[%clk
0:27:29]} 51. Rxa2 {[%clk 0:28:46]} Kxa2 52. Kxd5 1/2-1/2

[Event "ODJM A 2022"]
[Site "Willingen GER"]
[Date "2022.06.08"]
[Round "5"]
[White "Sabirov, Ramil"]
[Black "Jenner, Meikel"]
[Result "1-0"]
[Termination "normal"]
[Board "6"]
[WhiteElo "2124"]
[BlackElo "1981"]
[WhiteClock "00:12:22"]
[BlackClock "01:12:06"]
[PlyCount "55"]
[WhiteFideId "12900303"]
[BlackFideId "16245342"]
[EventCountry "GER"]
[EventRounds "9"]
[EventType "swiss"]
[EventDate "2022.06.04"]

1. e4 {[%clk 1:30:57]} c5 {[%clk 1:30:56]} 2. Nf3 {[%clk 1:31:22]} Nc6 {[%clk
1:31:01]} 3. c3 {[%clk 1:29:25]} Nf6 {[%clk 1:31:02]} 4. e5 {[%clk 1:29:48]}
Nd5 {[%clk 1:31:28]} 5. d4 {[%clk 1:29:49]} cxd4 {[%clk 1:31:51]} 6. cxd4
{[%clk 1:30:10]} d6 {[%clk 1:32:14]} 7. Bc4 {[%clk 1:28:14]} Nc7 {[%clk
1:32:37]} 8. exd6 {[%clk 1:22:31]} Qxd6 {[%clk 1:32:46]} 9. Nc3 {[%clk
1:20:47]} g6 {[%clk 1:31:55]} 10. O-O {[%clk 1:13:36]} Bg7 {[%clk 1:28:02]} 11.
d5 {[%clk 1:04:08]} Ne5 {[%clk 1:26:26]} 12. Ne4 {[%clk 1:00:33]} Qd8 {[%clk
1:23:55]} 13. Nxe5 {[%clk 0:54:44]} Bxe5 {[%clk 1:24:20]} 14. Bh6 {[%clk
0:52:41]} b5 {[%clk 1:24:37]} 15. Bb3 {[%clk 0:47:30]} Bb7 {[%clk 1:23:59]} 16.
f4 {[%clk 0:38:42]} Bxb2 {[%clk 1:24:22]} 17. Rb1 {[%clk 0:36:27]} Ba3 {[%clk
1:24:47]} 18. Re1 {[%clk 0:26:31]} Kd7 {[%clk 1:25:13]} 19. Bg7 {[%clk
0:20:00]} Rg8 {[%clk 1:23:09]} 20. Be5 {[%clk 0:17:45]} Bd6 {[%clk 1:18:14]}
21. Qd4 {[%clk 0:16:31]} Kc8 {[%clk 1:17:56]} 22. Nxd6+ {[%clk 0:13:50]} exd6
{[%clk 1:14:56]} 23. Bf6 {[%clk 0:14:16]} Qf8 {[%clk 1:12:32]} 24. Rbc1 {[%clk
0:14:04]} Kb8 {[%clk 1:11:03]} 25. Be7 {[%clk 0:11:20]} Qg7 {[%clk 1:11:14]}
26. Qxg7 {[%clk 0:11:45]} Rxg7 {[%clk 1:11:40]} 27. Bxd6 {[%clk 0:12:11]} f6
{[%clk 1:12:06]} 28. Rxc7 {[%clk 0:12:22]} 1-0

[Event "ODJM A 2022"]
[Site "Willingen GER"]
[Date "2022.06.08"]
[Round "5"]
[White "Schimnatkowski, Lukas"]
[Black "Kruse, Victor"]
[Result "1/2-1/2"]
[Termination "normal"]
[Board "7"]
[WhiteElo "2206"]
[BlackElo "1733"]
[WhiteClock "00:09:50"]
[BlackClock "00:17:00"]
[PlyCount "68"]
[WhiteFideId "12936723"]
[BlackFideId "16256964"]
[EventCountry "GER"]
[EventRounds "9"]
[EventType "swiss"]
[EventDate "2022.06.04"]

1. e4 {[%clk 1:30:56]} c6 {[%clk 1:30:47]} 2. d4 {[%clk 1:31:06]} d5 {[%clk
1:31:09]} 3. Nd2 {[%clk 1:31:30]} dxe4 {[%clk 1:30:18]} 4. Nxe4 {[%clk
1:31:54]} Bf5 {[%clk 1:30:12]} 5. Ng3 {[%clk 1:32:16]} Bg6 {[%clk 1:30:37]} 6.
h4 {[%clk 1:32:41]} h6 {[%clk 1:30:44]} 7. h5 {[%clk 1:33:05]} Bh7 {[%clk
1:31:09]} 8. Nf3 {[%clk 1:33:30]} e6 {[%clk 1:30:58]} 9. Bd3 {[%clk 1:33:54]}
Bxd3 {[%clk 1:31:22]} 10. Qxd3 {[%clk 1:34:21]} Nf6 {[%clk 1:31:36]} 11. Bd2
{[%clk 1:34:31]} Be7 {[%clk 1:31:22]} 12. O-O-O {[%clk 1:33:58]} O-O {[%clk
1:31:30]} 13. Ne4 {[%clk 1:21:36]} c5 {[%clk 1:24:14]} 14. Nxf6+ {[%clk
1:05:44]} Bxf6 {[%clk 1:24:09]} 15. dxc5 {[%clk 1:06:03]} Qxd3 {[%clk 1:24:28]}
16. cxd3 {[%clk 1:06:27]} Rd8 {[%clk 1:24:11]} 17. Bc3 {[%clk 1:01:07]} Nc6
{[%clk 1:22:34]} 18. d4 {[%clk 0:43:12]} Rd5 {[%clk 1:17:45]} 19. Rd2 {[%clk
0:34:41]} Rad8 {[%clk 1:15:04]} 20. Rhd1 {[%clk 0:34:15]} Rxh5 {[%clk 1:08:05]}
21. Kc2 {[%clk 0:30:31]} Rhd5 {[%clk 1:01:43]} 22. b4 {[%clk 0:29:15]} h5
{[%clk 1:00:39]} 23. a4 {[%clk 0:23:25]} g5 {[%clk 0:58:32]} 24. b5 {[%clk
0:22:41]} Ne7 {[%clk 0:58:40]} 25. Kb3 {[%clk 0:22:16]} Nf5 {[%clk 0:43:59]}
26. Kc4 {[%clk 0:22:14]} Rc8 {[%clk 0:43:52]} 27. Rd3 {[%clk 0:19:38]} Nd6+
{[%clk 0:41:56]} 28. Kb4 {[%clk 0:17:42]} Ne4 {[%clk 0:41:19]} 29. Be1 {[%clk
0:16:18]} g4 {[%clk 0:32:04]} 30. Ng1 {[%clk 0:15:11]} Bh4 {[%clk 0:27:27]} 31.
g3 {[%clk 0:13:11]} Be7 {[%clk 0:27:40]} 32. Kc4 {[%clk 0:11:03]} h4 {[%clk
0:17:13]} 33. gxh4 {[%clk 0:10:07]} Bxh4 {[%clk 0:17:21]} 34. f3 {[%clk
0:09:50]} Nd6+ {[%clk 0:17:00]} 1/2-1/2